[Event "Cappelle Online Blitz op 1st"]
[Site "Europe Echecs INT"]
[Date "2021.01.10"]
[Round "3"]
[White "Daverio, Edoardo"]
[Black "Eludut, Yannick"]
[Result "1-0"]
[WhiteElo "1984"]
[BlackElo "1658"]
[PlyCount "55"]
[EventDate "2021.01.10"]
[EventType "swiss (blitz)"]
[EventRounds "11"]
[EventCountry "FRA"]
[SourceTitle "CBM 200 Extra"]
[Source "ChessBase"]
[SourceDate "2021.03.31"]
[SourceVersion "1"]
[SourceVersionDate "2021.03.31"]
[SourceQuality "1"]

1. d4 Nf6 2. c4 d6 3. Nc3 g6 4. e4 Bg7 5. f3 0-0 6. Be3 Nbd7 7. Qd2 c5 8. Nge2 cxd4 9. Nxd4 Re8 10. Be2 Nb6 11. 0-0 e5 12. Ndb5 Re7 13. Qxd6 Qxd6 14. Nxd6 Be6 15. b3 Rd8 16. Ndb5 Nc8 17. Nxa7 Nxa7 18. Bxa7 Rd2 19. Rfd1 Red7 20. Rxd2 Rxd2 21. Rd1 Rxd1+ 22. Bxd1 Nd7 23. Be3 Bf8 24. Kf2 Bb4 25. Nd5 Nc5 26. Bc2 Kg7 27. Bc1 Bc3 28. Nxc3 1-0

[Event "Cappelle Online Blitz op 1st"]
[Site "Europe Echecs INT"]
[Date "2021.01.10"]
[Round "8"]
[White "Eludut, Yannick"]
[Black "Konopka, John"]
[Result "1-0"]
[WhiteElo "1658"]
[BlackElo "1308"]
[PlyCount "37"]
[EventDate "2021.01.10"]
[EventType "swiss (blitz)"]
[EventRounds "11"]
[EventCountry "FRA"]
[SourceTitle "CBM 200 Extra"]
[Source "ChessBase"]
[SourceDate "2021.03.31"]
[SourceVersion "1"]
[SourceVersionDate "2021.03.31"]
[SourceQuality "1"]

1. e4 e5 2. Nf3 Nc6 3. Bb5 Nf6 4. 0-0 Bc5 5. Re1 0-0 6. c3 d6 7. d4 exd4 8. cxd4 Bb6 9. Nc3 a6 10. Ba4 Bg4 11. Be3 Ba5 12. Bc2 Nb4 13. Bb1 c5 14. a3 Nc6 15. Qc2 cxd4 16. Nxd4 Bxc3 17. bxc3 Nxe4 18. Qxe4 Bd7 19. Qxh7# 1-0